Massimiliano Allegri's Juventus - Statistics

General Stats
  • This quiz has been taken 35 times
  • The average score is 56 of 107
Answer Stats
Rank Player Position Nationality Matches Goals Assists % Correct
1 Alex Sandro Left-Back 251 12 25
100%
7 Gianluigi Buffon Goalkeeper 168 0 0
100%
5 Giorgio Chiellini Centre-Back 210 7 6
100%
3 Juan Cuadrado Right Midfield 229 21 38
100%
2 Leonardo Bonucci Centre-Back 247 22 5
100%
8 Mario Mandžukić Centre-Forward 162 44 18
100%
11 Álvaro Morata Centre-Forward 141 39 28
96%
10 Andrea Barzagli Centre-Back 146 1 2
96%
21 Gonzalo Higuaín Centre-Forward 105 55 11
96%
12 Miralem Pjanić Central Midfield 135 19 33
96%
4 Paulo Dybala Second Striker 221 93 32
96%
13 Claudio Marchisio Central Midfield 133 5 16
93%
23 Paul Pogba Central Midfield 102 20 24
93%
17 Sami Khedira Central Midfield 127 21 13
93%
6 Wojciech Szczesny Goalkeeper 176 0 0
93%
24 Dušan Vlahović Centre-Forward 99 41 10
89%
9 Stephan Lichtsteiner Right-Back 148 6 16
89%
44 Arturo Vidal Central Midfield 45 8 4
86%
27 Blaise Matuidi Central Midfield 88 7 5
86%
30 Federico Chiesa Right Winger 86 16 14
86%
33 Kwadwo Asamoah Left Midfield 73 0 5
86%
16 Adrien Rabiot Central Midfield 127 16 11
82%
31 Bremer Centre-Back 82 8 1
82%
41 Carlos Tevez Centre-Forward 48 29 10
82%
45 Cristiano Ronaldo Centre-Forward 44 28 11
82%
25 Rodrigo Bentancur Defensive Midfield 93 2 6
82%
35 Arkadiusz Milik Centre-Forward 73 16 2
79%
19 Danilo Centre-Back 117 6 9
79%
28 Weston McKennie Central Midfield 88 7 12
79%
56 Andrea Pirlo Defensive Midfield 33 5 5
75%
36 Douglas Costa Right Winger 72 7 14
75%
29 Filip Kostić Left Midfield 87 3 15
75%
15 Manuel Locatelli Defensive Midfield 131 4 13
75%
39 Medhi Benatia Centre-Back 59 5 0
75%
14 Daniele Rugani Centre-Back 133 11 1
71%
52 Emre Can Defensive Midfield 37 4 1
71%
22 Mattia De Sciglio Right-Back 103 2 4
71%
43 Mattia Perin Goalkeeper 46 0 0
71%
32 Patrice Evra Left-Back 82 3 7
71%
83 Aaron Ramsey Central Midfield 5 0 0
68%
42 Fernando Llorente Centre-Forward 47 9 3
68%
55 João Cancelo Right-Back 34 1 5
68%
49 Mario Lemina Defensive Midfield 42 3 1
68%
48 Matthijs de Ligt Centre-Back 42 3 1
68%
20 Federico Bernardeschi Right Winger 106 10 18
64%
62 Kenan Yıldız Left Winger 30 3 1
64%
58 Timothy Weah Right Winger 33 1 2
64%
57 Dani Alves Right-Back 33 6 7
61%
63 Dejan Kulusevski Attacking Midfield 27 2 3
61%
50 Ángel Di María Right Winger 40 8 8
57%
60 Arthur Melo Defensive Midfield 31 0 1
57%
86 Benedikt Höwedes Centre-Back 3 1 0
57%
59 Martín Cáceres Centre-Back 32 1 1
57%
18 Moise Kean Centre-Forward 123 22 3
57%
69 Marko Pjaca Left Winger 20 1 0
54%
65 Neto Goalkeeper 22 0 0
54%
37 Roberto Pereyra Central Midfield 68 6 5
54%
54 Leandro Paredes Defensive Midfield 35 1 1
50%
46 Nicolò Fagioli Central Midfield 43 3 6
50%
75 Sebastian Giovinco Second Striker 11 2 1
50%
70 Tomás Rincón Defensive Midfield 19 0 1
50%
51 Andrea Cambiaso Left-Back 38 3 6
46%
34 Fabio Miretti Central Midfield 73 2 5
46%
38 Federico Gatti Centre-Back 62 6 0
46%
47 Samuel Iling-Junior Left Winger 43 2 4
46%
66 Kingsley Coman Left Winger 22 1 2
43%
87 Carlo Pinsoglio Goalkeeper 3 0 0
39%
94 Emil Audero Goalkeeper 1 0 0
39%
26 Stefano Sturaro Central Midfield 90 3 4
39%
79 Alessandro Matri Centre-Forward 9 2 1
36%
95 Grigoris Kastanos Attacking Midfield 1 0 0
36%
77 Marco Storari Goalkeeper 10 0 0
36%
91 Paolo De Ceglie Left-Back 2 0 0
36%
61 Angelo Ogbonna Centre-Back 30 0 0
32%
97 Mauricio Isla Right-Back 1 0 0
32%
72 Denis Zakaria Defensive Midfield 15 1 1
29%
73 Leonardo Spinazzola Left-Back 12 0 1
29%
68 Matías Soulé Right Winger 21 1 0
29%
40 Simone Padoin Central Midfield 49 1 4
25%
64 Simone Zaza Centre-Forward 24 8 2
25%
82 Enzo Barrenechea Defensive Midfield 5 0 0
21%
74 Hans Nicolussi Caviglia Central Midfield 12 0 1
21%
92 Koni De Winter Centre-Back 2 0 0
21%
71 Simone Pepe Right Winger 16 1 2
21%
78 Carlos Alcaraz Central Midfield 10 0 1
18%
107 Dean Huijsen Centre-Back 1 0 0
18%
53 Hernanes Attacking Midfield 35 2 0
18%
88 Matheus Pereira Central Midfield 3 0 0
14%
85 Joseph Nonge Central Midfield 4 0 0
11%
76 Kaio Jorge Centre-Forward 11 0 0
11%
67 Luca Pellegrini Left-Back 21 0 1
11%
90 Nicolò Rovella Defensive Midfield 3 0 0
11%
98 Rolando Mandragora Defensive Midfield 1 0 0
11%
99 Andrea Favilli Centre-Forward 1 0 0
7%
80 Marley Aké Left Winger 6 0 1
7%
100 Stephy Mavididi Left Winger 1 0 0
7%
89 Federico Mattiello Right-Back 3 0 0
4%
106 Leonardo Cerri Centre-Forward 1 0 0
4%
102 Manolo Portanova Central Midfield 1 0 0
4%
105 Martin Palumbo Defensive Midfield 1 0 0
4%
93 Mattia Vitale Central Midfield 2 0 0
4%
81 Rômulo Central Midfield 5 0 0
4%
104 Cosimo da Graça Centre-Forward 1 0 0
0%
101 Fabrizio Caligara Central Midfield 1 0 0
0%
103 Nikola Sekulov Attacking Midfield 1 0 0
0%
96 Paolo Gozzi Centre-Back 1 0 0
0%
84 Tommaso Barbieri Right-Back 4 0 0
0%
No matching quizzes found
Score Distribution
Percent of People with Each Score
Percentile by Number Answered
Your Score History
You have not taken this quiz